000 00396nam a22001457a 4500
008 150910b xxu||||| |||| 00| 0 eng d
020 _a9781849460453
082 _2345 BAN
100 _aBantekas, Ilias
245 _aInternational criminal law /
_cIlias Bantekas
260 _aOregon :
_bOxford and portland ,
_c2010
300 _alxii,604p.
_c25cm.
500 _aIncludes index
942 _2ddc
_cBK
999 _c8393
_d8393